Social cognition understanding people and events (Record no. 4490)

MARC details
000 -LEADER
fixed length control field 00435nam a22001457a 4500
008 - FIXED-LENGTH DATA ELEMENTS--GENERAL INFORMATION
fixed length control field 250915b |||||||| |||| 00| 0 eng d
020 ## - INTERNATIONAL STANDARD BOOK NUMBER
ISBN 9781412935548
100 ## - MAIN ENTRY--AUTHOR
Author Hamiton David L
245 ## - TITLE STATEMENT
Title Social cognition understanding people and events
260 ## - PUBLICATION, DISTRIBUTION, ETC. (IMPRINT)
Place of publication London
Name of publisher Sage publication ltd
Date of publication 2021
300 ## - COLLATION
Pagination x,662p.
Other physical details ill.
650 ## - TRACINGS
Main Subject Social cognition for textbook for undergraduate students
942 ## - ADDED ENTRY ELEMENTS (KOHA)
Item type Books
050 ## - LIBRARY OF CONGRESS CALL NUMBER
Classification number HM132
Item number .H36
Holdings
Source of classification or shelving scheme Not for loan Permanent location Current location Date acquired Accession No. Full call number Barcode. Koha item type
Library of Congress Classification   Samuel Ogbemudia Main Library, University of Abuja Samuel Ogbemudia Main Library, University of Abuja 09/15/2025 2024/63783 HM132.H36 2025-3276 Books